| 000 | 00760nam a2200217 i 4500 | ||
|---|---|---|---|
| 001 | 91372 | ||
| 003 | ES-MaACL | ||
| 005 | 20230906180716.0 | ||
| 007 | t| | ||
| 008 | 050128s1972 mx ||||1| spa d | ||
| 100 | 1 |
_aLévi-Strauss, Claude. _971961 |
|
| 245 | 1 | 3 |
_aEl pensamiento salvaje / _cpor Claude Lévi-Strauss ; traducción de Francisco González Aramburo. |
| 250 | _a[1ª ed., 2ª reimp.]. | ||
| 260 |
_aMéxico : _bFondo de Cultura Económica de México, _c[1972] |
||
| 300 |
_a413 p., 8 lám. ; _c18 cm. |
||
| 490 | 1 | _aBreviarios del Fondo de Cultura Económica | |
| 700 | 1 |
_aGonzález Aramburo, Francisco. _958429 |
|
| 830 | 0 |
_aBreviarios del Fondo de Cultura Económica _9179682 |
|
| 852 |
_aES-MaACL _jE-8065 _bR.92596 |
||
| 999 |
_c91372 _d91372 |
||